000 00563cam a2200205ua 4500
001 5476
008 121010n ii |||gr||||Z||||||eng
020 _a81-208-0459-7
040 _cMAIN
082 _a305.5122
100 1 _aMukherjee, Prabhati,
_eAuthor.
245 1 1 _aBeyond the four varnas :
_bthe untouchables in India /
_cby Prabhati Mukherjee .
250 _a1st.
260 _aShimla:
_bIndian Institute of Advanced Study,
_c1988.
300 _axiii, 120p.
653 _aSociology
653 _aFour Varnas
653 _aCaste and class
942 _cBK
999 _c4655
_d4655